Col·lecció diplomàtica de Sant Pere de Casserres / edició i estudi a cura de Irene Llop
ISBN:
978-84-9779-821-1
Descripción Física:
2 v. ; 24 cm
Colección:
Diplomataris ; 44 - 45
MARC
| LEADER | 00000nam a2200000Ia 4500 | ||
|---|---|---|---|
| 001 | 22607, 22608 | ||
| 008 | 160829s2009 xx 000 0 cat d | ||
| 020 | |a 978-84-9779-821-1 (o.c.), 978-84-9779-822-8 (v.1), 978-84-9779-823-5 (v.2) | ||
| 080 | |a A-2-369, A-2-370 | ||
| 245 | |a Col·lecció diplomàtica de Sant Pere de Casserres / edició i estudi a cura de Irene Llop | ||
| 260 | |a Barcelona : |b Fundació Noguera : |b Pagès Editors, |c 2009 | ||
| 300 | |a 2 v. ; |c 24 cm | ||
| 490 | |a Diplomataris ; 44 - 45 | ||
| 590 | |a Text en llatí, introducció i resums en català. | ||
| 590 | |a Bibliografia | ||
| 650 | |a Monestir de Sant Pere de Casserres |x Història |x Fonts |9 44583 | ||
| 650 | |a Casserres |x Història |x Fonts |9 44584 | ||
| 700 | 1 | |a Llop Jordana, Irene |9 44585 | |
| 700 | |a Fundació Noguera |9 70407 | ||
| 700 | |a Monestir de Sant Pere de Casserres |9 44586 | ||
| 866 | |a 1, 2 | ||
| 901 | |a Arxiu | ||
| 942 | |n 1 | ||
| 952 | |0 0 |1 0 |4 0 |6 A2369_A2370 |7 1 |9 52018 |a Arxiu |b Arxiu |d 2016-12-01 |l 0 |o A-2-369, A-2-370 |p 22607, 22608 |r 2016-12-01 00:00:00 |w 2016-12-01 |y ARXIU | ||
| 999 | |c 55866 |d 55866 | ||